Football Teams Gareth Bale Played For - Statistics

General Stats
  • This quiz has been taken 126 times
  • The average score is 5 of 6
Answer Stats
League Years Team % Correct
Spain 2013-2020 Real Madrid
100%
Spain 2021-2022 Real Madrid
100%
England 2007-2013 Tottenham Hotspur
99%
England 2020-2021 Tottenham Hotspur
99%
USA 2022-2023 Los Angeles FC
74%
England 2006-2007 Southampton FC
62%
No matching quizzes found
Score Distribution
Percent of People with Each Score
Percentile by Number Answered
Your Score History
You have not taken this quiz